Central Library OPAC University of Rajshahi

Fundamental rights in India / (Record no. 41792)

MARC details
000 -LEADER
fixed length control field 00630nam a2200217 a 4500
001 - CONTROL NUMBER
control field 41792
003 - CONTROL NUMBER IDENTIFIER
rucl marc code (BD-rjul)
005 - DATE AND TIME OF LATEST TRANSACTION
control field 20211209053442.0
008 - FIXED-LENGTH DATA ELEMENTS--GENERAL INFORMATION
fixed length control field 160606r19551956enk b 001 0 eng d
035 ## - SYSTEM CONTROL NUMBER
System control number OCLC ocm02458152 from D950905M
040 ## - CATALOGING SOURCE
Original cataloging agency SOI
Transcribing agency SOI
Modifying agency EQO
Language of cataloging eng
041 ## - LANGUAGE CODE
Language code of text/sound track or separate title eng
082 ## - DEWEY DECIMAL CLASSIFICATION NUMBER
Edition number 23
Classification number 323.40954
Author mark and year GLF 1956
100 1# - MAIN ENTRY--PERSONAL NAME
Personal name Gledhill, Alan.
9 (RLIN) 128388
245 10 - TITLE STATEMENT
Title Fundamental rights in India /
Statement of responsibility, etc. by Alan Gledhill.
260 ## - PUBLICATION, DISTRIBUTION, ETC. (IMPRINT)
Place of publication, distribution, etc. London :
Name of publisher, distributor, etc. Stevens & Sons,
Date of publication, distribution, etc. 1955
300 ## - PHYSICAL DESCRIPTION
Pagination xvi, 134 p. ;
Size 21 cm.
650 #0 - SUBJECT ADDED ENTRY--TOPICAL TERM
Topical term or geographic name as entry element Civil rights
Geographic subdivision India.
9 (RLIN) 128389
Topical term or geographic name as entry element Constitutional law
Geographic subdivision India.
9 (RLIN) 124335
942 ## - ADDED ENTRY ELEMENTS (KOHA)
Source of classification or shelving scheme Dewey Decimal Classification
Koha item type Books
Holdings
Lost status Source of classification or shelving scheme Damaged status Not for loan Collection code Permanent Location Current Location Shelving location Date acquired Source of acquisition Cost, normal purchase price Total Checkouts Full call number Date last seen Copy number Koha item type
  Dewey Decimal Classification     Non-fiction Central Library, University of Rajshahi Central Library, University of Rajshahi   12/11/1963 Zeithinga 83.27   323.40954 GLF 1956 06/06/2016 C-2 Books
  Dewey Decimal Classification   Not For Loan Non-fiction Central Library, University of Rajshahi Central Library, University of Rajshahi Reading Room 19/11/1962 Blackwell 1.50   323.40954 GLF 1956 15/12/2016 C-1 Books